Differentiable Mappings of Affine Spaces into Manifolds of m-Planesin a Multidimensional Euclidean Space; Russian Mathematics (Izvestiya VUZ. Matematika); Vol. 53, iss. 11

Bibliographische Detailangaben
Parent link:Russian Mathematics (Izvestiya VUZ. Matematika).— , 1974-
Vol. 53, iss. 11.— 2009.— [P. 20-36]
1. Verfasser: Ivlev E. T. Evgeniy Tikhonovich
Weitere Verfasser: Moldovanova E. A. Evgeniya Aleksandrovna
Zusammenfassung:Title screen
In this paper we consider a differentiable mapping of a p-dimensional affine space intothe differentiable manifold MN of all centered m-planes in an n-dimensional Euclidean space. Wepay special attention to describing geometric images defined by a fundamental geometric object ofthe mentioned mapping.
Режим доступа: по договору с организацией-держателем ресурса
Sprache:Englisch
Veröffentlicht: 2009
Schlagworte:
Online-Zugang:http://dx.doi.org/10.3103/S1066369X09110048
Format: MixedMaterials Elektronisch Buchkapitel
KOHA link:https://koha.lib.tpu.ru/cgi-bin/koha/opac-detail.pl?biblionumber=638615

MARC

LEADER 00000naa0a2200000 4500
001 638615
005 20250206111356.0
035 |a (RuTPU)RU\TPU\network\3006 
090 |a 638615 
100 |a 20150205d2009 k||y0rusy50 ba 
101 0 |a eng 
102 |a RU 
135 |a drcn ---uucaa 
181 0 |a i  
182 0 |a b 
200 1 |a Differentiable Mappings of Affine Spaces into Manifolds of m-Planesin a Multidimensional Euclidean Space  |f E. T. Ivlev, E. A. Moldovanova 
203 |a Text  |c electronic 
300 |a Title screen 
320 |a [References: p. 36 (13 tit.)] 
330 |a In this paper we consider a differentiable mapping of a p-dimensional affine space intothe differentiable manifold MN of all centered m-planes in an n-dimensional Euclidean space. Wepay special attention to describing geometric images defined by a fundamental geometric object ofthe mentioned mapping. 
333 |a Режим доступа: по договору с организацией-держателем ресурса 
461 |t Russian Mathematics (Izvestiya VUZ. Matematika)  |d 1974- 
463 |t Vol. 53, iss. 11  |v [P. 20-36]  |d 2009 
610 1 |a электронный ресурс 
610 1 |a труды учёных ТПУ 
700 1 |a Ivlev  |b E. T.  |c mathematician  |c Professor of Tomsk Polytechnic University, Candidate of physical and mathematical sciences  |f 1935-  |g Evgeniy Tikhonovich  |3 (RuTPU)RU\TPU\pers\33467 
701 1 |a Moldovanova  |b E. A.  |c mathematician  |c Senior Lecturer of Tomsk Polytechnic University  |f 1968-  |g Evgeniya Aleksandrovna  |3 (RuTPU)RU\TPU\pers\33417  |9 17111 
801 2 |a RU  |b 63413507  |c 20160601  |g RCR 
856 4 |u http://dx.doi.org/10.3103/S1066369X09110048 
942 |c CF